Susan Sarandon Movies by Clue - Statistics

General Stats
  • This quiz has been taken 115 times
    8 since last reset
  • The average score is 8 of 14
Answer Stats
Hint Film % Correct
Two friends embark on a road trip with unforeseen circumstances. Thelma and Louise
100%
Romantic comedy involving minor league baseball Bull Durham
88%
The fifth feature film adaptation of the classic story by Louisa May Alcott Little Women
75%
Engaged couple's car breaks down near a castle where they seek help. The Rocky Horror Picture Show
75%
A nun establishes a relationship with a man on death row. Dead Man Walking
63%
Mysterious man visits a town where 3 women are unaware of their own magical powers. The Witches of Eastwick
63%
Terminally ill woman deals with her ex-husband's new fiancée. Stepmom
50%
Grisham adaptation about a young boy who witnesses a mob-related suicide The Client
50%
A murdered girl watches over her family from "the in-between". The Lovely Bones
50%
Epic sci-fi film with multiple plots occurring during six eras in time Cloud Atlas
38%
The villainous Queen Narissa follows a fairy-tale princess into New York City. Enchanted
38%
Stop-motion musical fantasy film adapted from a Roald Dahl book James and the Giant Peach
38%
The parents of a boy with a rare disease search for a possible cure. Lorenzo's Oil
38%
Cult classic (with David Bowie!) about a vampire love triangle The {Hunger}
25%
No matching quizzes found
Score Distribution
Percent of People with Each Score
Percentile by Number Answered
Your Score History
You have not taken this quiz since the last reset